[Event "Aeroflot Open 2016"]
[Site "Moscu RUS"]
[Date "2016.03.04"]
[Round "4.36"]
[White "Van Foreest, Jorden"]
[Black "Lorparizangeneh, Shahin"]
[Result "1-0"]
[WhiteElo "2557"]
[BlackElo "2449"]
[PlyCount "133"]
[EventDate "2016.03.01"]
[EventType "swiss"]
[EventRounds "9"]
[EventCountry "RUS"]
[Source "lmi"]
[SourceDate "2016.03.01"]

1. e4 e5 2. Nf3 Nc6 3. Bc4 Bc5 4. O-O Nf6 5. d3 O-O 6. Nbd2 d6 7. c3 a6 8. Bb3
Be6 9. Bc2 h6 10. h3 Re8 11. Re1 Ba7 12. Nf1 d5 13. exd5 Nxd5 14. Ng3 Qd6 15.
Nh4 Qe7 16. Nhf5 Qf6 17. Qh5 g6 18. Nxh6+ Kf8 19. Qf3 Qxf3 20. gxf3 f5 21. d4
exd4 22. Bb3 Na5 23. Rxe6 Rxe6 24. Bxd5 Re1+ 25. Nf1 Rd8 26. Nxf5 Re5 27. Bh6+
Ke8 28. Ng7+ Kd7 29. Be4 Rh8 30. Bf4 Re7 31. Bg5 Rxg7 32. Bf6 Rgg8 33. Bxh8
Rxh8 34. cxd4 Rxh3 35. Ne3 Nc6 36. Kg2 Rh8 37. d5 Ne5 38. f4 Bxe3 39. fxe5 Bf4
40. e6+ Kd6 41. Bxg6 Be5 42. Bf7 Rh2+ 43. Kf3 Bxb2 44. Re1 Bf6 45. Kg3 Rh6 46.
Rb1 Bh4+ 47. Kg2 Rf6 48. f3 Rf5 49. Rxb7 Rxd5 50. f4 Rb5 51. Ra7 Ra5 52. Kh3
Bf2 53. Ra8 Be3 54. Kg3 Ra4 55. f5 Bg5 56. Bh5 Ra3+ 57. Bf3 Be7 58. Rg8 Rxa2
59. Rg6 Ke5 60. Rg7 Bd6 61. Kg4 Rh2 62. e7 Rh8 63. Kg5 Bb4 64. Bc6 Bd2+ 65. Kg6
Rh6+ 66. Kf7 Rf6+ 67. Kg8 1-0

[Event "Aeroflot Open 2016"]
[Site "Moscu RUS"]
[Date "2016.03.04"]
[Round "4.37"]
[White "Sarana, Alexey"]
[Black "Alekseenko, Kirill"]
[Result "0-1"]
[WhiteElo "2433"]
[BlackElo "2554"]
[PlyCount "144"]
[EventDate "2016.03.01"]
[EventType "swiss"]
[EventRounds "9"]
[EventCountry "RUS"]
[Source "lmi"]
[SourceDate "2016.03.01"]

1. d4 d5 2. Nf3 Nf6 3. g3 c6 4. Bg2 Bf5 5. O-O e6 6. c4 Be7 7. Nc3 O-O 8. Nd2
Nbd7 9. e4 dxe4 10. Ndxe4 Nxe4 11. Nxe4 Nf6 12. Nc3 Qb6 13. Na4 Qa6 14. b3 Rad8
15. Be3 b5 16. cxb5 cxb5 17. Qe2 Qa5 18. Nb2 Nd5 19. Nd3 Bf6 20. Rfc1 Qb6 21.
Bxd5 Rxd5 22. Nf4 Rdd8 23. a4 bxa4 24. Rxa4 Qxb3 25. Rxa7 Bxd4 26. Bxd4 Rxd4
27. Rac7 Rfd8 28. Rc8 h6 29. h4 Rxc8 30. Rxc8+ Kh7 31. Rc1 Qb4 32. Ng2 Be4 33.
Rd1 Ba8 34. Qc2+ f5 35. Rxd4 Qxd4 36. Ne3 Qb4 37. Kf1 Bf3 38. Qd3 Qa5 39. Nc2
Bb7 40. Qb3 Qa6+ 41. Ke1 Bg2 42. Qe3 Qa5+ 43. Kd1 Be4 44. Nd4 Qa4+ 45. Kd2 Qa2+
46. Ke1 Qb1+ 47. Kd2 Qb2+ 48. Ke1 Qb4+ 49. Kd1 Bd5 50. f4 Kg6 51. Ke2 Bc4+ 52.
Kd1 Qb1+ 53. Kd2 Qb2+ 54. Kd1 Bd5 55. Ke1 Qa1+ 56. Kd2 Qb1 57. Qc3 Kh5 58. Nc2
Be4 59. Ne3 Qg1 60. Nc4 Qf2+ 61. Kc1 Kg4 62. h5 Qxg3 63. Qxg7+ Kh3 64. Qd4
Qxf4+ 65. Kb2 Qh2+ 66. Kc3 Qg3+ 67. Kd2 Bd5 68. Ne5 Kg2 69. Nf7 Be4 70. Qe3
Qxe3+ 71. Kxe3 Kg3 72. Nxh6 Bb1 0-1

[Event "Aeroflot Open 2016"]
[Site "Moscu RUS"]
[Date "2016.03.04"]
[Round "4.39"]
[White "Maiorov, Nikita"]
[Black "Debashis, Das"]
[Result "1/2-1/2"]
[WhiteElo "2558"]
[BlackElo "2471"]
[PlyCount "54"]
[EventDate "2016.03.01"]
[EventType "swiss"]
[EventRounds "9"]
[EventCountry "RUS"]
[Source "lmi"]
[SourceDate "2016.03.01"]

1. d4 Nf6 2. c4 e6 3. Nc3 Bb4 4. Qc2 d5 5. cxd5 exd5 6. Bg5 h6 7. Bxf6 Qxf6 8.
a3 Bxc3+ 9. Qxc3 O-O 10. e3 Be6 11. Nf3 Rc8 12. Be2 c5 13. b3 cxd4 14. Qxd4
Qxd4 15. Nxd4 Nc6 16. Nxe6 fxe6 17. Kd2 Na5 18. Rab1 Rc7 19. Rhc1 Rxc1 20. Kxc1
Rc8+ 21. Kd2 Kf7 22. f4 b6 23. Bf3 Rc7 24. h4 Nb7 25. e4 dxe4 26. Bxe4 Nd6 27.
Bd3 Nf5 1/2-1/2

[Event "Aeroflot Open 2016"]
[Site "Moscu RUS"]
[Date "2016.03.04"]
[Round "4.40"]
[White "Kovalevskaya, Ekaterina"]
[Black "Goryachkina, Aleksandra"]
[Result "1/2-1/2"]
[WhiteElo "2462"]
[BlackElo "2509"]
[PlyCount "90"]
[EventDate "2016.03.01"]
[EventType "swiss"]
[EventRounds "9"]
[EventCountry "RUS"]
[Source "lmi"]
[SourceDate "2016.03.01"]

1. e4 c5 2. Nf3 d6 3. Bb5+ Nd7 4. O-O a6 5. Bxd7+ Bxd7 6. d4 cxd4 7. Qxd4 Rc8
8. Nc3 e5 9. Qd3 h6 10. Rd1 Nf6 11. Nh4 g6 12. h3 b5 13. Nf3 Qc7 14. a3 Be7 15.
Be3 Kf8 16. Nh2 Kg7 17. f3 Be6 18. Ng4 Nxg4 19. hxg4 h5 20. g5 h4 21. f4 exf4
22. Bd4+ Kh7 23. Bxh8 Rxh8 24. Nd5 Bxd5 25. Qxd5 Kg8 26. Rf1 Rh5 27. Rxf4 Bxg5
28. Qa8+ Kg7 29. Rf3 Qc5+ 30. Kh1 h3 31. g4 Qxc2 32. Rg1 Qe2 33. e5 Rh8 34. Qd5
Rf8 35. exd6 Bf6 36. Rxh3 Rd8 37. d7 Be5 38. Qf3 Qxf3+ 39. Rxf3 Rxd7 40. Rf2
Rd3 41. Re2 f6 42. g5 Rh3+ 43. Kg2 Rb3 44. gxf6+ Bxf6 45. Rf1 Rxb2 1/2-1/2

[Event "Aeroflot Open 2016"]
[Site "Moscu RUS"]
[Date "2016.03.04"]
[Round "4.41"]
[White "Wang, Yiye"]
[Black "Gasanov, Eldar"]
[Result "1/2-1/2"]
[WhiteElo "2445"]
[BlackElo "2503"]
[PlyCount "183"]
[EventDate "2016.03.01"]
[EventType "swiss"]
[EventRounds "9"]
[EventCountry "RUS"]
[Source "lmi"]
[SourceDate "2016.03.01"]

1. e4 c5 2. Nf3 Nc6 3. Nc3 g6 4. Bc4 Bg7 5. O-O d6 6. d3 e6 7. Be3 Nge7 8. d4
d5 9. Bb5 O-O 10. Bxc6 Nxc6 11. exd5 exd5 12. h3 Bf5 13. Ne2 Be4 14. Ne1 Qb6
15. dxc5 Qxb2 16. Rb1 Qxa2 17. Rxb7 Rab8 18. Rc7 Rfc8 19. Rxc8+ Rxc8 20. Nd3 a5
21. Qb1 Qxb1 22. Rxb1 a4 23. Bc1 Ne5 24. Nxe5 Bxe5 25. Ba3 Bxc2 26. Rb7 Bd3 27.
Nc1 Bc4 28. Ra7 Bd4 29. Rxa4 Bxc5 30. Bxc5 Rxc5 31. Ra3 Kg7 32. Nd3 Rc7 33. Ne5
Kf6 34. Nf3 Rb7 35. Re3 Rb1+ 36. Kh2 Rd1 37. Re8 Bb5 38. Rb8 Bd7 39. Rb4 Bf5
40. Kg3 g5 41. h4 h6 42. hxg5+ hxg5 43. Nd4 Rd3+ 44. f3 Bd7 45. Kf2 Ke5 46. Ne2
d4 47. Ke1 g4 48. Rb7 Kd6 49. fxg4 Bxg4 50. Nxd4 Rxd4 51. Rxf7 Ke5 52. Kf2 Be6
53. Rg7 Rd2+ 54. Kg1 Kf4 55. Kh2 Bd5 56. Rg6 Be4 57. Rg8 Rd6 58. Rf8+ Ke3 59.
Rg8 Rf6 60. Kg1 Bg6 61. Ra8 Be4 62. Rg8 Ra6 63. Kh2 Bd5 64. Rg5 Be4 65. Rg8 Rf6
66. Kg1 Kf4 67. Kh2 Bf5 68. Kg1 Bg4 69. Kf2 Rf7 70. Ra8 Rc7 71. Ra4+ Kg5 72.
Kg3 Rc3+ 73. Kh2 Bf5 74. Ra8 Be6 75. Ra5+ Bf5 76. Ra8 Kf4 77. Rg8 Rc7 78. Ra8
Rg7 79. Rf8 Kg4 80. Kg1 Be4 81. Kf2 Rg5 82. Kg1 Kg3 83. Rb8 Bd5 84. Rc8 Be4 85.
Rb8 Bc2 86. Rc8 Rd5 87. Rg8+ Kf4 88. Kh2 Be4 89. Rf8+ Ke3 90. Rg8 Rf5 91. Kg1
Bd5 92. Rg3+ 1/2-1/2

[Event "Aeroflot Open 2016"]
[Site "Moscu RUS"]
[Date "2016.03.04"]
[Round "4.42"]
[White "Anton Guijarro, David"]
[Black "Karavade, Eesha"]
[Result "1/2-1/2"]
[WhiteElo "2641"]
[BlackElo "2395"]
[PlyCount "105"]
[EventDate "2016.03.01"]
[EventType "swiss"]
[EventRounds "9"]
[EventCountry "RUS"]
[Source "lmi"]
[SourceDate "2016.03.01"]

1. c4 e6 2. Nc3 d5 3. d4 Bb4 4. e3 Nf6 5. a3 Bxc3+ 6. bxc3 O-O 7. cxd5 exd5 8.
Bd3 b6 9. Ne2 Ba6 10. Bxa6 Nxa6 11. O-O c5 12. Bb2 c4 13. Qc2 Re8 14. Rae1 Qd7
15. Ng3 Ne4 16. Nh5 Nd6 17. f3 f5 18. a4 Qf7 19. Ng3 f4 20. Ba3 Rad8 21. Bxd6
Rxd6 22. exf4 Rde6 23. Qc1 Qd7 24. Rxe6 Qxe6 25. Kf2 Qd7 26. Qd1 Nb8 27. Re1
Nc6 28. f5 Rxe1 29. Qxe1 Kf7 30. Qe3 Ne7 31. f6 gxf6 32. Qh6 Qxa4 33. Qxh7+ Ke6
34. h4 b5 35. Ne2 Qa2 36. h5 Qd2 37. g4 a5 38. h6 b4 39. cxb4 c3 40. Qb1 c2 41.
Qc1 Qxc1 42. Nxc1 axb4 43. h7 Ng6 44. Ke3 Kf7 45. Kd2 Kg7 46. Kxc2 Nh4 47. f4
Nf3 48. Kb3 Nxd4+ 49. Kxb4 Nc2+ 50. Kc5 Ne3 51. g5 fxg5 52. fxg5 Kxh7 53. Kd4
1/2-1/2

[Event "Aeroflot Open 2016"]
[Site "Moscu RUS"]
[Date "2016.03.05"]
[Round "5.11"]
[White "Artemiev, Vladislav"]
[Black "Cordova, Emilio"]
[Result "1-0"]
[WhiteElo "2674"]
[BlackElo "2610"]
[PlyCount "140"]
[EventDate "2016.03.01"]
[EventType "swiss"]
[EventRounds "9"]
[EventCountry "RUS"]
[Source "lmi"]
[SourceDate "2016.03.01"]

1. Nf3 Nf6 2. c4 b6 3. d4 e6 4. g3 Bb7 5. Bg2 Bb4+ 6. Bd2 c5 7. O-O O-O 8. Bxb4
cxb4 9. Qd3 a5 10. Nbd2 d6 11. Rfd1 Qc7 12. Ne1 Bxg2 13. Nxg2 Nc6 14. Ne3 Ne7
15. a3 bxa3 16. bxa3 Rac8 17. Rab1 h6 18. Ne4 Nxe4 19. Qxe4 Kh8 20. Qd3 f5 21.
Rb5 f4 22. Ng2 e5 23. Nh4 exd4 24. Qxd4 Rf6 25. Rxb6 Nc6 26. Qb2 Ne5 27. Rb7
Qxc4 28. Rd4 Qc1+ 29. Qxc1 Rxc1+ 30. Kg2 g5 31. gxf4 gxf4 32. Rd5 Rc5 33. Rb5
Rc2 34. Rb7 Rc5 35. Rb8+ Kh7 36. Rb5 Rc2 37. Rb7+ Kg8 38. Rxa5 Rxe2 39. Ra8+
Rf8 40. Raa7 Rf7 41. Rxf7 Nxf7 42. Ng6 Ra2 43. Nxf4 Kg7 44. Nd5 Kg6 45. a4 Ne5
46. Ra6 Nd3 47. Nc3 Rxf2+ 48. Kg3 Rf6 49. Ne4 Rf8 50. Rxd6+ Kf5 51. Rxd3 Kxe4
52. Ra3 Ra8 53. a5 Ra6 54. Ra4+ Kf5 55. Kh4 Ke5 56. Kg4 Rg6+ 57. Kf3 Rf6+ 58.
Ke3 Ra6 59. h3 Kd5 60. Kf4 Kc5 61. Kf5 Kd5 62. Re4 Rc6 63. h4 Ra6 64. h5 Rc6
65. Re5+ Kd4 66. Re6 Rc5+ 67. Kg6 Rxa5 68. Kxh6 Kd5 69. Rb6 Ke5 70. Kg6 Kd5 1-0

[Event "Aeroflot Open 2016"]
[Site "Moscu RUS"]
[Date "2016.03.05"]
[Round "5.13"]
[White "Swiercz, Dariusz"]
[Black "Dragun, Kamil"]
[Result "1/2-1/2"]
[WhiteElo "2665"]
[BlackElo "2594"]
[PlyCount "127"]
[EventDate "2016.03.01"]
[EventType "swiss"]
[EventRounds "9"]
[EventCountry "RUS"]
[Source "lmi"]
[SourceDate "2016.03.01"]

1. Nf3 Nf6 2. c4 g6 3. Nc3 Bg7 4. e4 d6 5. d4 O-O 6. Be2 e5 7. O-O exd4 8. Nxd4
Re8 9. f3 c6 10. Kh1 Na6 11. Bg5 h6 12. Bh4 Nc5 13. Qc2 a5 14. Rad1 a4 15. Qc1
Qe7 16. Rfe1 Qf8 17. Bg3 Nh5 18. Bf2 Kh7 19. Qd2 Qh8 20. Bf1 Be6 21. Qc2 Be5
22. g3 Bc8 23. a3 Ng7 24. f4 Bf6 25. Nde2 Be7 26. Bxc5 dxc5 27. Nxa4 Bg4 28. h3
Bf3+ 29. Bg2 Bxe2 30. Rxe2 Ne6 31. Nb6 Ra6 32. Nd7 Nd4 33. Rxd4 Qxd4 34. Rd2
Qe3 35. Kh2 Rd8 36. Rd3 Qe1 37. e5 Raa8 38. Rd1 Qe3 39. Rd3 Qe1 40. h4 h5 41.
f5 Rg8 42. Rf3 Rad8 43. Qd3 Rxd7 44. Qxd7 Qxe5 45. fxg6+ fxg6 46. Qxb7 Rg7 47.
Qxc6 Bxh4 48. Qd5 Bf6 49. b4 cxb4 50. Qxe5 Bxe5 51. axb4 h4 52. Kh3 hxg3 53. c5
Kh6 54. Kg4 Rb7 55. Rb3 Rf7 56. Rf3 Rb7 57. Rb3 Rf7 58. Rf3 Rb7 59. Rf4 Bxf4
60. Bxb7 Bd2 61. b5 Be3 62. Kxg3 Bxc5 63. Be4 Kg5 64. Bxg6 1/2-1/2

[Event "Aeroflot Open 2016"]
[Site "Moscu RUS"]
[Date "2016.03.05"]
[Round "5.20"]
[White "Wagner, Dennis"]
[Black "Safarli, Eltaj"]
[Result "0-1"]
[WhiteElo "2583"]
[BlackElo "2663"]
[PlyCount "180"]
[EventDate "2016.03.01"]
[EventType "swiss"]
[EventRounds "9"]
[EventCountry "RUS"]
[Source "lmi"]
[SourceDate "2016.03.01"]

1. Nf3 c5 2. c4 Nc6 3. d4 cxd4 4. Nxd4 Nf6 5. Nc3 e6 6. g3 Bc5 7. Nb3 Bb4 8.
Bg2 O-O 9. O-O Bxc3 10. bxc3 d5 11. Nd4 Qa5 12. cxd5 exd5 13. Qb3 Ne4 14. Nxc6
bxc6 15. c4 Be6 16. cxd5 cxd5 17. Bf4 Rac8 18. Qe3 Rc3 19. Qd4 Rc4 20. Qd3 Nc5
21. Qd2 Qxd2 22. Bxd2 Ne4 23. Bxe4 dxe4 24. Rfc1 Rxc1+ 25. Bxc1 Rc8 26. Be3 a6
27. a3 Rc2 28. Rd1 h6 29. Kf1 Ra2 30. Bc1 Rc2 31. Be3 Bg4 32. Rd2 Rc1+ 33. Kg2
Re1 34. Rd4 f5 35. Bd2 Rxe2 36. Rd7 Bf3+ 37. Kf1 g5 38. a4 e3 39. fxe3 Rxh2 40.
a5 Be4 41. Bc3 Rg2 42. Be5 Ra2 43. Bc7 Bg2+ 44. Kg1 Bf3 45. Kf1 Be2+ 46. Kg1
Bb5 47. Re7 Bc4 48. Bd8 Bd5 49. Kf1 Bf7 50. Ra7 Rd2 51. Bb6 Bc4+ 52. Kg1 Rd1+
53. Kf2 h5 54. Bd4 g4 55. Rg7+ Kf8 56. Rc7 Bd3 57. Rh7 Rd2+ 58. Kg1 Be4 59. Be5
Rd5 60. Bc3 Rd3 61. Be5 Rd1+ 62. Kf2 Rd2+ 63. Kg1 Ra2 64. Bc7 Rg2+ 65. Kf1 Rh2
66. Be5 Ke8 67. Bd4 Bd3+ 68. Kg1 Ra2 69. Bc3 Be4 70. Kf1 Ra3 71. Bd2 Bd3+ 72.
Kf2 Ra2 73. Ke1 Ra1+ 74. Kf2 Rh1 75. Bc3 Rf1+ 76. Kg2 Rf3 77. Rxh5 Rxe3 78.
Rh8+ Kf7 79. Rh7+ Ke6 80. Bh8 Be4+ 81. Kf2 Rf3+ 82. Kg2 f4 83. Rh6+ Kd5 84.
Rxa6 Rxg3+ 85. Kf2 Rg2+ 86. Ke1 f3 87. Rf6 g3 88. a6 Ra2 89. Rf8 f2+ 90. Kd1 g2
0-1

[Event "Aeroflot Open 2016"]
[Site "Moscu RUS"]
[Date "2016.03.05"]
[Round "5.26"]
[White "Alekseenko, Kirill"]
[Black "Azarov, Sergei"]
[Result "1/2-1/2"]
[WhiteElo "2554"]
[BlackElo "2599"]
[PlyCount "120"]
[EventDate "2016.03.01"]
[EventType "swiss"]
[EventRounds "9"]
[EventCountry "RUS"]
[Source "lmi"]
[SourceDate "2016.03.01"]

1. e4 c5 2. Nf3 Nc6 3. d4 cxd4 4. Nxd4 Qb6 5. Nb3 Nf6 6. Nc3 e6 7. Bd3 a6 8.
O-O Qc7 9. f4 d6 10. Be3 b5 11. a4 b4 12. Nb1 e5 13. f5 d5 14. N1d2 Bb7 15. a5
Be7 16. Bb6 Qc8 17. exd5 Nxd5 18. f6 Nxf6 19. Bf5 Qb8 20. Ne4 O-O 21. Nxf6+
Bxf6 22. Nc5 Nd4 23. Nd7 Qd6 24. Bh3 Bg5 25. Nxf8 Rxf8 26. c3 Be3+ 27. Kh1 Qh6
28. cxd4 Qxh3 29. d5 Qh6 30. Bxe3 Qxe3 31. Rc1 Qe4 32. Re1 Qxd5 33. Qxd5 Bxd5
34. Rxe5 Be6 35. Rc6 Rd8 36. Kg1 g6 37. Kf2 Rd1 38. Re2 Kg7 39. Ke3 Rd5 40. Rc4
b3 41. Ra4 Re5+ 42. Kf2 Rc5 43. Rd2 g5 44. Ke3 h5 45. Kd4 Rc1 46. g3 g4 47. Ke5
Kg6 48. Kd6 h4 49. Re2 hxg3 50. hxg3 Rg1 51. Rxe6+ fxe6 52. Rxg4+ Kf5 53. Rf4+
Kg5 54. Rf3 Ra1 55. Kxe6 Rxa5 56. Rxb3 Kg4 57. Kd6 Ra2 58. Kc5 a5 59. Kc4 a4
60. Rb5 Kxg3 1/2-1/2

[Event "Aeroflot Open 2016"]
[Site "Moscu RUS"]
[Date "2016.03.05"]
[Round "5.36"]
[White "Kulaots, Kaido"]
[Black "Kovalevskaya, Ekaterina"]
[Result "1/2-1/2"]
[WhiteElo "2578"]
[BlackElo "2462"]
[PlyCount "56"]
[EventDate "2016.03.01"]
[EventType "swiss"]
[EventRounds "9"]
[EventCountry "RUS"]
[Source "lmi"]
[SourceDate "2016.03.01"]

1. e4 c5 2. Nf3 Nc6 3. d4 cxd4 4. Nxd4 e5 5. Nb5 d6 6. N1c3 a6 7. Na3 Be7 8. g3
Nf6 9. Bg2 Bg4 10. Qd3 b5 11. Nd5 Nxd5 12. exd5 Nb8 13. c4 O-O 14. O-O Nd7 15.
Be3 f5 16. f4 exf4 17. gxf4 Bf6 18. h3 Bh5 19. cxb5 Re8 20. Bf3 Bxf3 21. Rxf3
Bxb2 22. Rb1 Bxa3 23. Qxa3 axb5 24. Qxd6 Nf6 25. Qxd8 Rexd8 26. Bd4 Rxd5 27.
Bxf6 gxf6 28. Rb2 Kf7 1/2-1/2

[Event "Aeroflot Open 2016"]
[Site "Moscu RUS"]
[Date "2016.03.05"]
[Round "5.38"]
[White "Bindrich, Falko"]
[Black "Korchmar, Vasiliy"]
[Result "1-0"]
[WhiteElo "2557"]
[BlackElo "2450"]
[PlyCount "65"]
[EventDate "2016.03.01"]
[EventType "swiss"]
[EventRounds "9"]
[EventCountry "RUS"]
[Source "lmi"]
[SourceDate "2016.03.01"]

1. d4 d5 2. c4 c6 3. Nf3 Nf6 4. Nc3 a6 5. e3 e6 6. Bd3 dxc4 7. Bxc4 b5 8. Be2
Bb7 9. O-O Nbd7 10. e4 c5 11. e5 Nd5 12. Ne4 Qc7 13. a4 b4 14. Bg5 h6 15. Bh4
Nf4 16. Nfd2 cxd4 17. Bg3 Nxe2+ 18. Qxe2 Rc8 19. Rad1 Be7 20. Nd6+ Bxd6 21.
exd6 Qc5 22. Nf3 Bxf3 23. gxf3 O-O 24. Qxa6 Qd5 25. Qb5 Qxb5 26. axb5 f5 27. f4
Rc5 28. Rxd4 Rxb5 29. Rc1 Nb6 30. Bh4 Nd5 31. d7 Rbb8 32. Rxd5 g5 33. Rdc5 1-0

[Event "Aeroflot Open 2016"]
[Site "Moscu RUS"]
[Date "2016.03.05"]
[Round "5.39"]
[White "Lorparizangeneh, Shahin"]
[Black "Sivuk, Vitaly"]
[Result "1-0"]
[WhiteElo "2449"]
[BlackElo "2554"]
[PlyCount "81"]
[EventDate "2016.03.01"]
[EventType "swiss"]
[EventRounds "9"]
[EventCountry "RUS"]
[Source "lmi"]
[SourceDate "2016.03.01"]

1. d4 Nf6 2. c4 e6 3. Nc3 Bb4 4. Qc2 d5 5. cxd5 exd5 6. Bg5 h6 7. Bh4 c5 8.
dxc5 O-O 9. e3 Be6 10. a3 Bxc5 11. Rd1 Be7 12. Bd3 Nbd7 13. Nge2 Rc8 14. O-O
Qb6 15. Nd4 Ne5 16. Bf5 Nc4 17. Rb1 Rfe8 18. Rfd1 Bd8 19. Qe2 Nd6 20. Bc2 a6
21. Ba4 Rf8 22. Bxf6 Bxf6 23. Nxe6 fxe6 24. Bd7 Nc4 25. Bxc8 Rxc8 26. e4 d4 27.
Na2 e5 28. Nb4 Bg5 29. g3 Qe6 30. h4 Bf6 31. Rbc1 b5 32. Nd5 Rf8 33. Rd3 Bd8
34. a4 g5 35. axb5 axb5 36. Rf3 gxh4 37. Rxf8+ Kxf8 38. Ra1 Bg5 39. Nc7 Qd6 40.
Qf3+ Kg7 41. Ra7 1-0

[Event "Aeroflot Open 2016"]
[Site "Moscu RUS"]
[Date "2016.03.05"]
[Round "5.40"]
[White "Goryachkina, Aleksandra"]
[Black "Wang, Yiye"]
[Result "0-1"]
[WhiteElo "2509"]
[BlackElo "2445"]
[PlyCount "100"]
[EventDate "2016.03.01"]
[EventType "swiss"]
[EventRounds "9"]
[EventCountry "RUS"]
[Source "lmi"]
[SourceDate "2016.03.01"]

1. Nf3 Nf6 2. c4 c5 3. Nc3 b6 4. e4 d6 5. d4 cxd4 6. Nxd4 Bb7 7. Bd3 Nbd7 8.
O-O g6 9. b3 Bg7 10. Bb2 O-O 11. Re1 Re8 12. Rb1 a6 13. Nd5 e6 14. Nxf6+ Nxf6
15. a4 Qc7 16. Qf3 d5 17. cxd5 exd5 18. Rec1 Qd7 19. Nf5 gxf5 20. Bxf6 Bxf6 21.
Qg3+ Bg7 22. Rc7 Qd8 23. Rxb7 fxe4 24. Be2 Qf6 25. Rd1 Re5 26. Bxa6 Rg5 27. Qh3
Rxa6 28. Rb8+ Bf8 29. Qc8 Qd6 30. h4 Re5 31. Rc1 Re6 32. Rc6 Qxb8 33. Qxb8 Rxc6
34. h5 h6 35. Qb7 Rc1+ 36. Kh2 Ra5 37. Qxb6 Rac5 38. b4 R5c4 39. Qe3 R1c3 40.
Qd2 Rd3 41. Qe2 Bd6+ 42. g3 Rf3 43. Kg2 Bxb4 44. Qd1 d4 45. a5 Bxa5 46. Qb1 d3
47. Qb8+ Kh7 48. Qb5 Rd4 49. Qc5 Ra4 50. Qc6 Rb4 0-1

[Event "Aeroflot Open 2016"]
[Site "Moscu RUS"]
[Date "2016.03.05"]
[Round "5.41"]
[White "Aravindh, Chithambaram VR"]
[Black "Sarana, Alexey"]
[Result "1/2-1/2"]
[WhiteElo "2506"]
[BlackElo "2433"]
[PlyCount "201"]
[EventDate "2016.03.01"]
[EventType "swiss"]
[EventRounds "9"]
[EventCountry "RUS"]
[Source "lmi"]
[SourceDate "2016.03.01"]

1. e4 c5 2. Nf3 d6 3. d4 cxd4 4. Nxd4 Nf6 5. Nc3 a6 6. Be2 e5 7. Nb3 Be7 8. O-O
O-O 9. Re1 Be6 10. Bf3 Nbd7 11. a4 Rc8 12. Be3 Nb6 13. a5 Nc4 14. Bc1 b5 15.
axb6 Qxb6 16. Qe2 Rc7 17. Rd1 Ra8 18. Qf1 a5 19. Ra4 Rac8 20. Be2 h6 21. h3
Nxb2 22. Bxb2 Bxb3 23. cxb3 Qxb3 24. Rb1 Rxc3 25. Raa1 R3c7 26. Bxe5 Qc2 27.
Ba6 Ra8 28. Rc1 dxe5 29. Bd3 Qc5 30. Rxc5 Bxc5 31. Ra4 Rb8 32. Kh2 Bb4 33. Ra2
Rd8 34. Rc2 Rxc2 35. Bxc2 Rd2 36. Bb3 g6 37. Qc4 Rd7 38. f4 Bd6 39. Qb5 Bc7 40.
Qc5 exf4 41. e5 f3 42. gxf3 Nh5 43. Kh1 Ng7 44. Qc6 Re7 45. Qf6 Re6 46. Bxe6
Nxe6 47. Qh4 Bxe5 48. Qxh6 g5 49. h4 Bf4 50. hxg5 a4 51. Qf6 Bxg5 52. Qa1 Kh7
53. Qxa4 Kg6 54. Kg2 Nf4+ 55. Kg3 Nh5+ 56. Kg4 f5+ 57. Kh3 Ng7 58. Qd7 Bf6 59.
Qc7 Ba1 60. Qb6+ Bf6 61. Kg2 Nh5 62. Kf2 Ng7 63. Ke2 Nh5 64. Kd3 Ng7 65. Qb8
Ba1 66. Qg3+ Kf7 67. Kc4 Bf6 68. Kd5 Ba1 69. Kc6 Bb2 70. Qc7+ Kg6 71. Kd5 Bf6
72. Qc1 Kf7 73. Qg1 Bb2 74. f4 Bf6 75. Qg2 Be7 76. Kc6 Bf6 77. Kd7 Bh4 78. Qh2
Bf6 79. Qg3 Bd4 80. Qb3+ Kg6 81. Ke7 Bc5+ 82. Kd8 Bd4 83. Qd5 Bf6+ 84. Kd7 Bh4
85. Kc6 Bf6 86. Kb5 Be7 87. Qg2+ Kf7 88. Kc4 Bf6 89. Kd5 Be7 90. Qa2 Bf6 91.
Qb3 Kg6 92. Kd6 Bh4 93. Kd7 Bf6 94. Qh3 Kf7 95. Qg3 Bd4 96. Qa3 Bf6 97. Qc5 Bh4
98. Qd5+ Kg6 99. Qh1 Bf6 100. Qg1+ Kf7 101. Qg3 1/2-1/2

[Event "Aeroflot Open 2016"]
[Site "Moscu RUS"]
[Date "2016.03.05"]
[Round "5.42"]
[White "Karavade, Eesha"]
[Black "Gasanov, Eldar"]
[Result "0-1"]
[WhiteElo "2395"]
[BlackElo "2503"]
[PlyCount "84"]
[EventDate "2016.03.01"]
[EventType "swiss"]
[EventRounds "9"]
[EventCountry "RUS"]
[Source "lmi"]
[SourceDate "2016.03.01"]

1. d4 Nf6 2. c4 d6 3. Nf3 g6 4. Nc3 Bf5 5. g3 Ne4 6. Qb3 Nxc3 7. Qxc3 Bg7 8.
Qd2 Be4 9. Bg2 d5 10. Qf4 O-O 11. O-O Nc6 12. Be3 e6 13. Rfd1 h6 14. h4 Qe7 15.
Rac1 f6 16. cxd5 exd5 17. g4 Rf7 18. a3 a5 19. Qg3 Nd8 20. Ne1 Bxg2 21. Nxg2
Ne6 22. h5 g5 23. f4 f5 24. fxg5 hxg5 25. gxf5 Rxf5 26. Qg4 Raf8 27. Rf1 Qf7
28. Rf3 Rxf3 29. exf3 Qf6 30. Rd1 Kh7 31. Kf2 a4 32. Kg3 Rf7 33. Rd2 Bf8 34.
Kf2 Bd6 35. Rd1 c6 36. Ke2 Bc7 37. Rg1 Re7 38. Kd3 Bb6 39. f4 Nxf4+ 40. Nxf4
Rxe3+ 41. Kxe3 Qxd4+ 42. Ke2 Qe3+ 0-1

[Event "Aeroflot Open 2016"]
[Site "Moscu RUS"]
[Date "2016.03.06"]
[Round "6.1"]
[White "Vallejo Pons, Francisco"]
[Black "Najer, Evgeniy"]
[Result "1/2-1/2"]
[WhiteElo "2677"]
[BlackElo "2664"]
[PlyCount "55"]
[EventDate "2016.03.01"]
[EventType "swiss"]
[EventRounds "9"]
[EventCountry "RUS"]
[Source "lmi"]
[SourceDate "2016.03.01"]

1. d4 d5 2. c4 c6 3. Nf3 Nf6 4. Nc3 dxc4 5. a4 Bf5 6. Ne5 Nbd7 7. Nxc4 Nb6 8.
e3 e6 9. Qb3 Be7 10. f3 Bg6 11. Ne5 O-O 12. a5 Nbd7 13. Nxg6 hxg6 14. Be2 Qc7
15. f4 b5 16. axb6 axb6 17. Rxa8 Rxa8 18. O-O b5 19. Bf3 Nb6 20. Qc2 Rc8 21.
Bd2 c5 22. Ne2 Nc4 23. b3 Nxd2 24. Qxd2 cxd4 25. Rc1 Qd8 26. Rxc8 Qxc8 27. Nxd4
Qc5 28. Nc6 1/2-1/2

[Event "Aeroflot Open 2016"]
[Site "Moscu RUS"]
[Date "2016.03.06"]
[Round "6.3"]
[White "Matlakov, Maxim"]
[Black "Hovhannisyan, Robert"]
[Result "1-0"]
[WhiteElo "2682"]
[BlackElo "2636"]
[PlyCount "103"]
[EventDate "2016.03.01"]
[EventType "swiss"]
[EventRounds "9"]
[EventCountry "RUS"]
[Source "lmi"]
[SourceDate "2016.03.01"]

1. Nf3 d5 2. g3 g6 3. Bg2 Bg7 4. d4 c6 5. O-O Nf6 6. b3 O-O 7. Bb2 Bf5 8. c4
Nbd7 9. e3 Nb6 10. cxd5 cxd5 11. Nc3 Ne4 12. Ne5 Rc8 13. Rc1 Nd7 14. Nxe4 Rxc1
15. Qxc1 Nxe5 16. dxe5 dxe4 17. Qb1 Qd5 18. Rd1 Qc6 19. Rc1 Qd5 20. Bd4 b6 21.
Qb2 Rc8 22. Rxc8+ Bxc8 23. Qc2 Bb7 24. Qc7 Bf8 25. Bf1 Qc6 26. Qb8 a6 27. e6 b5
28. a4 f6 29. axb5 axb5 30. Bxf6 Qc8 31. Be5 Qxb8 32. Bxb8 Bc6 33. Ba7 Bg7 34.
Bc5 Kf8 35. b4 Bc3 36. Be2 Be5 37. Kf1 Bc3 38. Kg2 Bd2 39. f4 Kg7 40. Bd4+ Kf8
41. Bc5 Bc3 42. g4 h6 43. h4 Be1 44. Kh3 Bc3 45. g5 hxg5 46. hxg5 Bd5 47. Bxb5
Bxe6+ 48. Kg3 Bb3 49. Bc6 Kf7 50. Bxe4 e5 51. b5 exf4+ 52. exf4 1-0

[Event "Aeroflot Open 2016"]
[Site "Moscu RUS"]
[Date "2016.03.06"]
[Round "6.4"]
[White "Bartel, Mateusz"]
[Black "Artemiev, Vladislav"]
[Result "1-0"]
[WhiteElo "2625"]
[BlackElo "2674"]
[PlyCount "79"]
[EventDate "2016.03.01"]
[EventType "swiss"]
[EventRounds "9"]
[EventCountry "RUS"]
[Source "lmi"]
[SourceDate "2016.03.01"]

1. e4 c5 2. Nf3 d6 3. d4 cxd4 4. Nxd4 Nf6 5. Nc3 a6 6. Nb3 g6 7. Be2 Bg7 8. g4
h6 9. Be3 Nc6 10. f3 b5 11. Qd2 Be6 12. O-O-O Rc8 13. Kb1 Ne5 14. h4 Bc4 15.
Bd4 Qc7 16. f4 Bxe2 17. Qxe2 Nexg4 18. e5 dxe5 19. fxe5 Qc4 20. exf6 Qxe2 21.
Nxe2 Bxf6 22. h5 g5 23. Ng3 Bxd4 24. Rxd4 Ne5 25. Re4 f6 26. Rf1 Rc4 27. Nd4
Rc5 28. Ne6 Rc6 29. Ng7+ Kd7 30. N3f5 Rg8 31. Rd4+ Kc7 32. Nxe7 Rxg7 33. Nxc6
Nxc6 34. Rd2 g4 35. Rxf6 g3 36. Rg6 Rxg6 37. hxg6 h5 38. Re2 Nd4 39. Rg2 Nf5
40. Rxg3 1-0